| 000 | 00370 a2200169 4500 | ||
|---|---|---|---|
| 001 | 69695 | ||
| 020 | _a853224551X | ||
| 040 | _cAnchieta - Itaigara | ||
| 100 | _aGomes, Álvaro Cardoso | ||
| 240 | 1 | 0 |
_aO elefante xadrez _lpor |
| 245 | 1 | 0 | _aO elefante xadrez |
| 300 | _a47 | ||
| 362 | 0 | _a2000 | |
| 440 | 1 | _aFTD | |
| 650 | 4 | _aLiteratura infanto-juvenil | |
| 942 | _cBK | ||
| 999 |
_c69695 _d69695 |
||